[Event "Australia op"]
[Site "Australia"]
[Date "1973.??.??"]
[Round "1"]
[White "Purdy, Cecil John Seddon"]
[Black "Rozen, R."]
[Result "1-0"]
[WhiteElo "2250"]
[BlackElo "2200"]

1.d4 d5 2.c4 dxc4 3.e4 e5 4.dxe5 Qxd1+ 5.Kxd1 Nc6 6.f4 Bg4+ 7.Nf3 O-O-O+
8.Bd2 Nd4 9.Be2 Bxf3 10.Bxf3 Nxf3 11.gxf3 Bb4 12.Ke2 Bc5 13.Na3 Bxa3 14.bxa3 Ne7
15.Rhc1 Rd3 16.Rxc4 Rhd8 17.Be3 Nc6 18.a4 Na5 19.Rc2 Nc6 20.Bc5 a6 21.Rac1 Kb8
22.h4 R3d7 23.h5 g6 24.hxg6 hxg6 25.Rb2 Nd4+ 26.Ke3 Ne6 27.f5 Rd3+ 28.Kf2 Nxc5
29.Rxc5 gxf5 30.exf5 Rd2+ 31.Rxd2 Rxd2+ 32.Ke3 Rd1 33.e6 fxe6 34.f6 Rd7 35.Kf4 Kc8
36.Rg5 Rf7 37.Ke5 Kd7 38.Rg7 Ke8 39.Kxe6  1-0

[Event "Netanya-B"]
[Site "Netanya"]
[Date "1973.??.??"]
[Round "3"]
[White "Avner, Uri"]
[Black "Rosenberg, Arie"]
[Result "0-1"]
[WhiteElo "2200"]
[BlackElo "2200"]

1.d4 d5 2.c4 dxc4 3.e4 Nf6 4.e5 Nd5 5.Bxc4 e6 6.Nf3 Bb4+ 7.Nbd2 Nb6 8.Bb5+ Bd7
9.Bd3 Bc6 10.O-O N8d7 11.Ne4 Nf8 12.a3 Be7 13.Bd2 Ng6 14.Rc1 Nd5 15.Re1 Ndf4
16.Bf1 O-O 17.g3 Nd5 18.Bh3 Qd7 19.Bg4 Ba4 20.Qe2 Bb5 21.Qd1 Ba4 22.b3 Bc6
23.Ra1 h6 24.h4 Rfd8 25.Qc1 Bf8 26.h5 Nge7 27.Nc5 Qc8 28.Nh4 Nb6 29.Qb2 Nf5
30.Bxf5 exf5 31.e6 fxe6 32.Nxe6 Re8 33.Nxf8 Rxf8 34.Ng6 Qd7 35.d5 Nxd5 36.Nxf8 Rxf8
37.f3 Qf7 38.Kf2 Qxh5 39.Rh1 Qf7 40.Rae1 f4 41.g4 Ne3 42.Rh5 Qg6 43.Rg1 Rd8
44.Bxe3 fxe3+ 45.Kg3 Rf8 46.Qe5 Rxf3+ 47.Kh4 Qc2 48.Rf5 Qf2+ 49.Kh5 Rxf5+
50.gxf5 Bf3+ 51.Rg4 Bxg4+ 52.Kxg4 Qg2+ 53.Kh4 e2 54.b4 Qh1+ 55.Kg4 e1=Q  0-1

[Event "URS-ch sf"]
[Site "Tbilisi"]
[Date "1973.??.??"]
[Round "6"]
[White "Zilberstein, Valery I"]
[Black "Bagirov, Vladimir"]
[Result "0-1"]
[WhiteElo "2470"]
[BlackElo "2520"]

1.d4 d5 2.c4 dxc4 3.e4 e5 4.Nf3 exd4 5.Bxc4 Bb4+ 6.Bd2 Bxd2+ 7.Nbxd2 Nh6
8.O-O O-O 9.Nb3 Qe7 10.Qxd4 Nc6 11.Qc5 Qxc5 12.Nxc5 Na5 13.Be2 b6 14.b4 Nc6
15.Nd3 Re8 16.Rfc1 Rxe4 17.Rxc6 Rxe2 18.Rxc7 Bg4 19.a4 Bxf3 20.gxf3 g6 21.b5 Nf5
22.Rac1 Ra2 23.Ne5 Rxa4 24.Rxf7 Re8 25.Rd7 Re7 26.Rcc7 Rxd7 27.Rxd7 Nd4 28.h4 Nxb5
29.Kg2 Rd4 30.Rb7 Rxh4 31.Ng4 h5 32.Kg3 Rh1 33.Nf6+ Kf8 34.Kf4 Rc1 35.Rd7 Rc7
36.Nh7+ Kg8 37.Nf6+ Kh8 38.Rd5 a6 39.Re5 Rf7 40.Kg5 Kg7 41.Re6 Nd4 42.Ne8+ Kf8
43.Re3 Re7  0-1

[Event "DSV-Turnier"]
[Site "Leipzig"]
[Date "1975.??.??"]
[Round "10"]
[White "Gruenberg, Hans Ulrich"]
[Black "Gerusel, Mathias"]
[Result "1-0"]
[WhiteElo "2315"]
[BlackElo "2440"]

1.d4 d5 2.c4 dxc4 3.e4 e5 4.Nf3 exd4 5.Bxc4 Bb4+ 6.Nbd2 Nc6 7.O-O Nf6 8.e5 Ng4
9.h3 Nh6 10.Ne4 Nf5 11.Qb3 O-O 12.g4 Nh4 13.Nxh4 Nxe5 14.Nf3 Nxc4 15.Qxc4 Qe7
16.Ng3 c5 17.a3 Ba5 18.b4 Qf6 19.Ng5 cxb4 20.axb4 Bb6 21.N5e4 Qe5 22.Nc5 Be6
23.Nxe6 fxe6 24.Qd3 Qd5 25.Qe4 Qd6 26.Bd2 Rf6 27.Kg2 Raf8 28.f4 Bc7 29.Qxb7 R6f7
30.Rac1 d3 31.Qe4 g5 32.Rc6 Qd8 33.fxg5 Rxf1 34.Nxf1 Rf7 35.Ng3 Qf8 36.Qxe6 Qd8
37.Nf5  1-0

[Event "URS-chT"]
[Site "Riga"]
[Date "1975.??.??"]
[Round "?"]
[White "Zaichik, Gennadi"]
[Black "Heuer, Valter"]
[Result "1/2-1/2"]
[WhiteElo "2200"]
[BlackElo "2375"]

1.d4 d5 2.c4 dxc4 3.e4 e5 4.Nf3 Bb4+ 5.Bd2 Bxd2+ 6.Nbxd2 exd4 7.Bxc4 Nc6
8.O-O Nh6 9.Nb3 O-O 10.Nbxd4 Nxd4 11.Qxd4 Qe7 12.Rfe1 Rd8 13.Qc3 c6 14.h3 Be6
15.Bxe6 fxe6 16.a4 Nf7 17.Rad1  1/2-1/2

[Event "Banja Luka"]
[Site "Banja Luka"]
[Date "1976.??.??"]
[Round "4"]
[White "Bagirov, Vladimir"]
[Black "Mihaljcisin, Mihajlo"]
[Result "1/2-1/2"]
[WhiteElo "2490"]
[BlackElo "2325"]

1.d4 d5 2.c4 dxc4 3.e4 c5 4.Nf3 cxd4 5.Qxd4 Qxd4 6.Nxd4 a6 7.Bxc4 e6 8.Be3 Nf6
9.f3 Be7 10.Nd2 O-O 11.Kf2 Bd7 12.e5 Nd5 13.Bxd5 exd5 14.Rac1 Nc6 15.Nxc6 bxc6
16.Bc5 Rae8 17.Nb3 f6 18.Bxe7 Rxe7 19.exf6 Rxf6 20.Nc5 Bc8 21.Rhd1 Kf8 22.Rd4 Ke8
23.Ra4 Ra7 24.Ra5 Kd8 25.b4 Ra8 26.Nd3 Rb8 27.Rac5 Bd7 28.a3 Rb5 29.Ne5 Kc7
30.h4 Rxc5 31.Rxc5 Be8 32.Ke3 h6 33.g4 Re6 34.Kd4 Kd6 35.Nd3 Bd7 36.Rc2 Bc8
37.h5 Re7 38.Rg2 a5 39.g5 Bf5 40.gxh6 gxh6 41.bxa5 Bxd3  1/2-1/2

[Event "URS-FL"]
[Site "Baku"]
[Date "1977.??.??"]
[Round "5"]
[White "Bagirov, Vladimir"]
[Black "Petrushin, Alexander I"]
[Result "1-0"]
[WhiteElo "2480"]
[BlackElo "2345"]

1.d4 d5 2.c4 dxc4 3.e4 e5 4.Nf3 exd4 5.Bxc4 Bb4+ 6.Bd2 Bxd2+ 7.Nbxd2 Nc6
8.O-O Nf6 9.e5 Nd5 10.Qb3 Nce7 11.Nxd4 O-O 12.Rad1 Nb6 13.Ne4 Nxc4 14.Qxc4 Nd5
15.Qb3 c6 16.Qg3 Qe7 17.Rfe1 f5 18.exf6 Nxf6 19.Ng5 Qb4 20.a3 Qxb2 21.Re2 Qb6
22.Re7 Bg4 23.Nxh7 Kxh7 24.Nf5 Kg6 25.h3 Kxf5 26.hxg4+ Nxg4 27.Qf3+ Kg5 28.Rxg7+ Kh6
29.Rd6+ Kxg7 30.Qxg4+ Kh7 31.Qh5+ Kg7 32.Qg5+  1-0

[Event "Le Havre"]
[Site "Le Havre"]
[Date "1977.??.??"]
[Round "3"]
[White "Pytel, Krzysztof"]
[Black "Dueckstein, Andreas"]
[Result "1/2-1/2"]
[WhiteElo "2435"]
[BlackElo "2400"]

1.d4 d5 2.c4 dxc4 3.e4 c5 4.Nf3 cxd4 5.Qxd4 Qxd4 6.Nxd4 Bd7 7.Bxc4 Nc6 8.Nxc6 Bxc6
9.f3 e6 10.Be3 Nf6 11.Nc3 Bb4 12.Rc1 O-O 13.a3 Be7 14.Nb5 Bxb5 15.Bxb5 a6
16.Ba4 b5 17.Bb3 Rfc8 18.Ke2 Kf8 19.Rc2 Rxc2+ 20.Bxc2 Rc8 21.Bd3 Nd7 22.f4 e5
23.g3 Bd6 24.Rc1 Rxc1 25.Bxc1 Nc5 26.Bb1 Ne6 27.f5 Nd4+ 28.Kd3 Nb3 29.Be3 Ke7
30.Kc3 Nc5 31.b4 Na4+ 32.Kc2 Bc7 33.Ba2 Bb6 34.Bd2 Bg1 35.h3 Nb6 36.g4 h6
37.g5 hxg5 38.Bxg5+ f6 39.Bc1 Bf2 40.Kd3 Kf8 41.h4 Ke7 42.h5 Bd4 43.Bb3 Kd6
44.Be6 Ke7 45.Kc2 Kd6 46.h6 gxh6 47.Bxh6 Ke7 48.Bc1 Kd6 49.Kd3 Ke7 50.Ke2 Kf8
51.Kf3 Ke7 52.Kg4 Bf2 53.Kh5 Bd4 54.Kg6 Bf2 55.Kg7 Bh4 56.Be3 Nc4 57.Bc5+ Kd8
58.Kf7 Kc7 59.Bd5 Kd7 60.Be7 Nd6+ 61.Kf8 Bg5 62.Be6+ Kc6 63.Bd5+ Kd7  1/2-1/2

[Event "Buenos Aires ol (Men)"]
[Site "Buenos Aires"]
[Date "1978.??.??"]
[Round "?"]
[White "Catalan, Toufeeq"]
[Black "Braga, Fernando"]
[Result "0-1"]
[WhiteElo "2200"]
[BlackElo "2200"]

1.d4 d5 2.c4 dxc4 3.e4 e5 4.Nf3 exd4 5.Bxc4 Bb4+ 6.Bd2 Bxd2+ 7.Nbxd2 Nh6
8.O-O c5 9.Nb3 Qe7 10.Rc1 b6 11.Bd5 Bb7 12.Nxc5 bxc5 13.Qa4+ Kf8 14.Rxc5 Na6
15.Ra5 Rb8 16.Rc1 Nb4 17.Nxd4 Nxd5 18.exd5 g6 19.Rxa7 Qg5 20.Qb4+ Kg7 21.Ne6+ fxe6
22.Rxb7+ Rxb7 23.Qxb7+ Nf7 24.Rc7 Qf5 25.h3 exd5 26.Rd7 Re8 27.Qxd5 Re1+
28.Kh2 Qf4+ 29.g3 Qxf2+ 30.Qg2 Qe3 31.Rd2 Ne5 32.Rf2 Ng4+  0-1

[Event "URS-ch sf"]
[Site "Daugavpils"]
[Date "1978.??.??"]
[Round "?"]
[White "Vladimirov, Evgeny"]
[Black "Fokin, Sergey"]
[Result "0-1"]
[WhiteElo "2445"]
[BlackElo "2200"]

1.d4 d5 2.c4 dxc4 3.e4 c5 4.d5 Nf6 5.Qa4+ Bd7 6.Qxc4 e6 7.Nc3 exd5 8.exd5 Bd6
9.Bd3 Qe7+ 10.Nge2 Ng4 11.Bc2 Na6 12.a3 O-O 13.Qe4 Qh4 14.g3 Qh3 15.f4 f5
16.Qf3 Rae8 17.Qf1 Qh6 18.Qf3 b5 19.h3 Nf6 20.Kf1 Re7 21.a4 Nb4 22.Bd1 a6
23.axb5 axb5 24.Ng1 Qg6 25.Rh2 Ne4 26.Rg2 Qe8 27.Re2 c4 28.Be3 Nd3 29.Bd4 Qg6
30.Nxe4 fxe4 31.Qg2 Qf5 32.Be3 Qxd5 33.Rc2 Be5 34.h4 Bf6 35.Qd2 b4 36.Ne2 Kh8
37.Kg1 Bg4 38.Ra6 Rd7 39.Rb6 Qf7 40.Rc6 Ne5  0-1

[Event "URS-ch sf"]
[Site "Daugavpils"]
[Date "1978.??.??"]
[Round "?"]
[White "Averkin, Orest N"]
[Black "Leibovich, D."]
[Result "1/2-1/2"]
[WhiteElo "2455"]
[BlackElo "2200"]

1.d4 d5 2.c4 dxc4 3.e4 e5 4.Nf3 exd4 5.Bxc4 Bb4+ 6.Bd2 Bxd2+ 7.Nbxd2 Nc6
8.Nb3 Bg4 9.Bb5 Ne7 10.Nbxd4 Bd7 11.Nb3 O-O 12.Qe2 a6 13.Bc4 Ng6 14.O-O-O Qe7
15.Qe3 Nce5 16.Nxe5 Nxe5 17.Be2 Bb5 18.Kb1 Bxe2 19.Qxe2 Rfd8 20.Rxd8+ Rxd8
21.Rd1 Rxd1+ 22.Qxd1 Qd7 23.Qxd7 Nxd7  1/2-1/2

[Event "URS-ch sf"]
[Site "Daugavpils"]
[Date "1978.??.??"]
[Round "?"]
[White "Yuferov, Sergey  N"]
[Black "Vorotnikov, Vladislav V"]
[Result "1/2-1/2"]
[WhiteElo "2450"]
[BlackElo "2410"]

1.d4 d5 2.c4 dxc4 3.e4 Nc6 4.d5 Ne5 5.Nc3 e6 6.Nf3 Bd6 7.Nxe5 Bxe5 8.Bxc4 Nf6
9.dxe6 Qxd1+ 10.Kxd1 fxe6 11.f3 c5 12.Be3 Bd7 13.Kc2 Rc8 14.a4 Ke7 15.Bb5 Rhd8
16.Rad1 Bd4 17.Bf4 h6 18.h4 a6 19.Bxd7 Nxd7 20.Ne2 e5 21.Bd2 Ke6 22.a5 Nb8
23.Nc3 Nc6 24.Nd5 h5 25.Rhf1 Rf8 26.Nb6 Rc7 27.Nc4 Rcf7 28.Bg5 Ne7 29.Rd3 Nc8
30.Rb3 Rc7 31.g3 Rff7 32.f4 Nd6 33.Rb6 Rc6 34.Rxc6 bxc6 35.f5+ Kd7 36.Kd3 Nxc4
37.Kxc4 Ke8 38.b3 Rd7 39.Bc1 Rb7 40.Bd2 Kf7 41.Rf3 Rd7 42.Rd3 Ke8 43.Bc3 Ke7
44.Bd2 Bg1 45.Bg5+ Ke8 46.Be3 Bxe3 47.Rxe3 Rd4+ 48.Kxc5 Kd7 49.Rf3 Rxe4 50.Rd3+ Ke7
51.Rd6 Re3 52.Re6+ Kd7 53.Rd6+ Ke7 54.Re6+ Kd7 55.Rg6 Rc3+ 56.Kb4 Rf3 57.Rxg7+ Kd6
58.Kc4 Rxf5 59.Rg6+ Kd7 60.Rg7+ Kd6 61.Ra7 Rf3 62.Rxa6 Rxg3 63.Ra7 Rg4+ 64.Kc3 Rxh4
65.a6 Rh1 66.Kb2 Rg1 67.Rh7 Rg8 68.a7 Ra8 69.Kc3 Kc5 70.Rxh5 Rxa7  1/2-1/2

[Event "Kiev"]
[Site "Kiev"]
[Date "1978.??.??"]
[Round "7"]
[White "Alburt, Lev O"]
[Black "Romanishin, Oleg M"]
[Result "1-0"]
[WhiteElo "2510"]
[BlackElo "2610"]

1.d4 d5 2.c4 dxc4 3.e4 e5 4.Nf3 Bb4+ 5.Nc3 exd4 6.Nxd4 Qe7 7.Bxc4 Qxe4+ 8.Kf1 Bxc3
9.bxc3 Be6 10.Qb3 Bxc4+ 11.Qxc4 Nc6 12.Bg5 Qg6 13.Re1+ Kf8 14.Nxc6 Qxc6 15.Qb4+ Qd6
16.Qxb7 Rd8 17.Bxd8 Qxd8 18.Qxa7 Nf6 19.f3 h5 20.Qd4 Qa8 21.Rd1 Ne8 22.a4 Rh6
23.Qb4+ Kg8 24.Kf2 Rb6 25.Qd4 Rd6 26.Qe4 Rc6 27.Rd4 Nd6 28.Qd5 Qb7 29.Rb4 Qa7+
30.Qd4 Qa5 31.Re1 Qf5 32.Re5 Qc2+ 33.Re2 Qg6 34.c4 Kh7 35.Qd5 Nf5 36.c5 Qf6
37.Rf4 g6 38.g4 hxg4 39.fxg4 Qh4+ 40.Kg1 Rf6 41.Qd8  1-0

[Event "Leipzig ET17"]
[Site "Leipzig"]
[Date "1978.??.??"]
[Round "7"]
[White "Baumbach, Friedrich"]
[Black "Hennings, Artur"]
[Result "1/2-1/2"]
[WhiteElo "2375"]
[BlackElo "2445"]

1.d4 d5 2.c4 dxc4 3.e4 Nc6 4.d5 Ne5 5.Bf4 Ng6 6.Bg3 e5 7.Bxc4 Bd6 8.Bb5+ Kf8
9.Nc3 Nf6 10.Nf3 Nh5 11.Nd2 Nhf4 12.Kf1 h5 13.h4 a6 14.Be2 b5 15.a4 b4 16.Ncb1 Nxe2
17.Qxe2 a5 18.Nc4 Ba6 19.Nbd2 Bc5 20.Kg1 Bd4 21.Rb1 Qd7 22.Nf3 c5 23.Qc2 Bxc4
24.Qxc4 Ke7 25.Kh2 Rhc8 26.Nxd4 cxd4 27.Qe2 Qg4 28.Qb5 Qd7 29.Qe2 Qg4 30.Qb5 f6
31.Rbc1 Qd7 32.Rc6 Rxc6 33.dxc6 Qc7 34.Rc1 Rd8 35.f3 Nf8 36.Rc5 Ne6 37.Rd5 Rd6
38.Be1 Rxc6 39.Qxa5 Qxa5 40.Rxa5 b3 41.Rb5 Rc1 42.Bb4+ Kd7 43.a5 Nc7 44.Rb7 Rc4
45.Be1  1/2-1/2

[Event "Mitropa-Cup"]
[Site "?"]
[Date "1978.??.??"]
[Round "4"]
[White "Toth, Bela"]
[Black "Lombard, Andre"]
[Result "0-1"]
[WhiteElo "2480"]
[BlackElo "2400"]

1.d4 d5 2.c4 dxc4 3.e4 e5 4.Nf3 Bb4+ 5.Bd2 Bxd2+ 6.Nbxd2 exd4 7.Bxc4 Nc6
8.O-O Nge7 9.Ng5 Ne5 10.Bb3 Bg4 11.f3 Bh5 12.g4 h6 13.Nh3 Bg6 14.f4 Nd7 15.e5 Nc5
16.f5 Bh7 17.Nf4 Nxf5 18.gxf5 Qg5+ 19.Kh1 Bxf5 20.Bxf7+ Kxf7 21.Nh3 Qg6 22.Qf3 Rhf8
23.b4 Kg8 24.bxc5 Qe6 25.Nf4 Qxe5 26.Qxb7 Qxc5 27.Rac1 Qb6 28.Rxc7 Qxb7+
29.Rxb7 g5 30.Ng2 Be4 31.Re7 Rxf1+ 32.Nxf1 Bd5 33.a3 Rc8 34.Rd7 Rc1 35.Kg1 Bc4
36.Kf2 Rxf1+ 37.Kg3 Be2 38.h3 Rf3+ 39.Kh2 d3 40.Ne1 Re3 41.Kg2 a5 42.Kf2 Rxh3
43.Rd5 a4 44.Rd4 Rh4 45.Rd7 Rf4+ 46.Ke3 Rf7 47.Nxd3 Rxd7 48.Kxe2 Rxd3 49.Kxd3 g4  0-1

[Event "Titovo Uzice"]
[Site "Titovo Uzice"]
[Date "1978.??.??"]
[Round "?"]
[White "Bagirov, Vladimir"]
[Black "Matulovic, Milan"]
[Result "1-0"]
[WhiteElo "2495"]
[BlackElo "2525"]

1.d4 d5 2.c4 dxc4 3.e4 e5 4.Nf3 Bb4+ 5.Bd2 Bxd2+ 6.Qxd2 exd4 7.Qxd4 Qxd4
8.Nxd4 Bd7 9.Bxc4 Nc6 10.Nxc6 Bxc6 11.Nc3 Nf6 12.f3 Rd8 13.Ke2 Rd4 14.b3 Ke7
15.Rhd1 Rxd1 16.Rxd1 a5 17.Ke3 Rb8 18.g4 h6 19.h4 h5 20.g5 Nd7 21.Nd5+ Bxd5
22.Rxd5 b6 23.Bb5 Nc5 24.Re5+ Kd6 25.Rf5 Ke7 26.g6 fxg6 27.Rg5 Ne6 28.Rxg6 Rf8
29.Bc4 Rf6 30.Rxf6 gxf6 31.f4 Kd6 32.f5 Ng7 33.Kf4 c6 34.a4 Ne8 35.Bf1 Kd7
36.Be2 Ng7 37.e5 Ke7 38.Bf3 c5 39.Bc6 Kf7 40.Ke4 Ke7 41.Bb5 Kf7 42.Bd3  1-0

[Event "BKL-Turnier"]
[Site "Leipzig"]
[Date "1979.??.??"]
[Round "11"]
[White "Heinig, Wolfram"]
[Black "Vorotnikov, Vladislav V"]
[Result "1/2-1/2"]
[WhiteElo "2300"]
[BlackElo "2410"]

1.d4 d5 2.c4 dxc4 3.e4 Nc6 4.d5 Ne5 5.Bf4 Ng6 6.Bd2 e6 7.Bxc4 exd5 8.Bxd5 Nf6
9.Nc3 Nxd5 10.Nxd5 Be6 11.Qa4+ c6 12.Ne3 Nf4 13.Bc3 Bc5 14.Rd1 Qb6 15.g3 Bxe3
16.gxf4 Bxf2+ 17.Kf1 Bxg1 18.Rxg1 Qe3 19.f5 b5 20.Qd4 Bc4+ 21.Kg2 Qxd4 22.Bxd4 O-O-O
23.Kf3 Bxa2 24.Bxg7 Rxd1 25.Rxd1 Rg8 26.Bd4 Rd8 27.Ke3 c5 28.Rc1 Bc4 29.Bxc5 Rd3+
30.Kf4 a5 31.e5 h6 32.e6 fxe6 33.fxe6 Bxe6 34.Bb6+ Kd7 35.Bxa5 b4 36.Rc7+ Kd6
37.Rh7 Rd4+ 38.Ke3 Rh4 39.Bc7+ Kd5 40.Bf4 h5  1/2-1/2

[Event "URS Spartakiad"]
[Site "URS"]
[Date "1979.??.??"]
[Round "?"]
[White "Bagirov, Vladimir"]
[Black "Lutikov, Anatoly S"]
[Result "1/2-1/2"]
[WhiteElo "2545"]
[BlackElo "2515"]

1.d4 d5 2.c4 dxc4 3.e4 e5 4.Nf3 exd4 5.Bxc4 Bb4+ 6.Nbd2 Nc6 7.O-O Nf6 8.e5 Nd5
9.Nb3 Nb6 10.Bb5 O-O 11.Bxc6 bxc6 12.Nbxd4 c5 13.Nc6 Qd7 14.Nxb4 cxb4 15.Qc2 h6
16.Rd1 Qf5 17.Qxf5 Bxf5 18.Be3 Rfc8 19.Nd4 Bd7 20.Nb3 Be6 21.Nc5 Nd5 22.Bd4 Rd8
23.f3 a5 24.Kf2 Ne7 25.Nxe6 fxe6 26.Bc5 Ng6 27.Rd4 Rxd4 28.Bxd4 Rd8  1/2-1/2

[Event "URS Spartakiad"]
[Site "URS"]
[Date "1979.??.??"]
[Round "?"]
[White "Piesina, Gintautas"]
[Black "Vorotnikov, Vladislav V"]
[Result "1/2-1/2"]
[WhiteElo "2200"]
[BlackElo "2410"]

1.d4 d5 2.c4 dxc4 3.e4 Nc6 4.Nf3 Bg4 5.Bxc4 Bxf3 6.Qxf3 e6 7.Bb5 Qxd4 8.O-O Bd6
9.Nc3 Ne7 10.Be3 Qe5 11.Qh3 g5 12.f4 gxf4 13.Bxf4 Qg7 14.Bxc6+ Nxc6 15.Bxd6 cxd6
16.Rad1 Rd8 17.Rf3 Ne5 18.Rg3 Ng6 19.Qh5 a6 20.Qa5 Qe5 21.Qa4+ Ke7 22.Kh1 Rhg8
23.Qb4 Rd7 24.Ne2 Rc8 25.Nd4 Rdc7 26.Qd2 Rc4 27.Rd3 Nf4 28.Nf3 Qxe4 29.Rxd6 Nd5
30.Re1 Qxe1+ 31.Nxe1 Kxd6 32.h3 h5 33.Kh2 h4 34.b3 Re4 35.Nf3 Rg8 36.Qf2 f5
37.Nxh4 Ne3 38.Kh1 Rc8 39.Qd2+ Ke7 40.Ng6+ Kf6 41.Nf4 Rxf4  1/2-1/2

[Event "Warszawa Cup5-A"]
[Site "Warsaw"]
[Date "1979.??.??"]
[Round "8"]
[White "Luczak, Andrzej"]
[Black "Bernard, Ryszard"]
[Result "1/2-1/2"]
[WhiteElo "2440"]
[BlackElo "2340"]

1.d4 d5 2.c4 dxc4 3.e4 c5 4.d5 e6 5.Bxc4 Nf6 6.Nc3 exd5 7.Nxd5 Nxd5 8.Bxd5 Be7
9.Ne2 O-O 10.O-O Na6 11.Bf4 Nc7 12.Nc3 Ne6 13.Be3 Rb8 14.a4 b6 15.Qe2 Bf6
16.Rad1 Qe7 17.f4 Bd4 18.f5 Ba6 19.Nb5 Qg5 20.Bxd4 Nxd4 21.Qc4 Qf6 22.Rf2 Qe5
23.b4 Rbc8 24.bxc5 bxc5 25.Kh1  1/2-1/2

[Event "Reggio Emilia8081"]
[Site "Reggio Emilia"]
[Date "1980.??.??"]
[Round "7"]
[White "Braunberger, Federico"]
[Black "Paniagua, Roberto"]
[Result "0-1"]
[WhiteElo "2200"]
[BlackElo "2250"]

1.d4 d5 2.c4 dxc4 3.e4 Nf6 4.Nc3 a6 5.e5 Nd5 6.Bxc4 Nb6 7.Bb3 e6 8.Nf3 Be7
9.O-O Nd5 10.Ne4 b6 11.Bc2 Bb7 12.a3 Nd7 13.Re1 b5 14.Nfg5 Bxg5 15.Bxg5 Ne7
16.Qg4 Bd5 17.Rac1 h6 18.Bh4 g5 19.Bg3 Ng6 20.Qh5 Qe7 21.Nc3 Nb6 22.Bxg6 fxg6
23.Qxg6+ Qf7 24.Qxf7+ Kxf7 25.Nxd5 Nxd5 26.f3 Ke7 27.Bf2 Kd7 28.Be3 a5 29.Kf2 a4
30.Bd2 Nb6 31.Rc5 Nc4 32.Bc3 c6 33.Ke2 Rhg8 34.Kd3 Nb6 35.Bd2 Rab8 36.g3 Nc4
37.Bc1 Rbf8 38.Rf1 h5 39.Kc3 Nb6 40.Kd3 g4 41.Rc2 Rf5 42.Rcf2 Rgf8 43.Ke2 Nc4
44.fxg4 hxg4 45.Rxf5 exf5 46.Kd3 Ke6 47.Kc3 Kd5 48.Re1 Ke6 49.Re2 Rd8 50.Bf4 Nb6
51.Be3 Nd5+ 52.Kd3 c5 53.Rc2 c4+ 54.Ke2 Rh8 55.Bg1 f4 56.gxf4 Rh3 57.Kd1 Nxf4
58.Rd2 Kd5 59.Rf2 Rd3+ 60.Rd2 Rb3 61.Kc2 Nd3 62.Kb1 b4 63.axb4 a3 64.Ka2 axb2
65.Rd1 Rxb4 66.Kb1 Ra4 67.Kc2 Ra1 68.Rb1 c3  0-1

[Event "Rome"]
[Site "Rome"]
[Date "1980.??.??"]
[Round "9"]
[White "Toth, Bela"]
[Black "Rodriguez Vargas, Orestes"]
[Result "0-1"]
[WhiteElo "2390"]
[BlackElo "2445"]

1.d4 d5 2.c4 dxc4 3.e4 Nf6 4.Nc3 e5 5.d5 Bc5 6.Bxc4 O-O 7.Nf3 Bg4 8.h3 Bh5
9.O-O Nbd7 10.Be2 a6 11.Qd3 Bd6 12.Be3 Bg6 13.Nd2 Nc5 14.Qc2 Rc8 15.b4 Ncd7
16.a3 c6 17.dxc6 Rxc6 18.Qb2 Qc7 19.Rac1 Rc8 20.Nc4 b5 21.Nxd6 Qxd6 22.Rfd1 Qe6
23.Bf3 h6 24.Kh2 Nb6 25.Bxb6 Rxb6 26.Nd5 Rbc6 27.Rxc6 Rxc6 28.Qe2 Rc4 29.Nxf6+ Qxf6
30.Qe3 Rd4 31.Rc1 Qd6 32.Rc5 Rd3 33.Qc1 Qd4 34.Rd5 Qc3 35.Qxc3 Rxc3 36.a4 bxa4
37.Ra5 Rc4 38.Rxa4 Bxe4 39.Be2 Rc2 40.Bf1 Bb7 41.f3 Rb2 42.Ra3 Rxb4 43.Bxa6 Bxa6
44.Rxa6 h5 45.Ra5 f6 46.Ra2 h4 47.g3 Rb3 48.Kg2 e4 49.gxh4 Rxf3 50.Ra4 f5
51.h5 Kh7 52.Ra6 f4 53.Re6 Rg3+ 54.Kh2 e3 55.h4 Rf3 56.Re8 Rf2+ 57.Kg1 Rd2
58.Re4 Kh6 59.Re5 Rc2 60.Kf1 Rh2 61.Rf5 Rxh4 62.Kg2 Rxh5 63.Rxf4 Re5 64.Kf1 e2+
65.Ke1 g5 66.Rf8 Kh5 67.Rh8+ Kg4 68.Rh7 Kf4 69.Rh5 Re7 70.Rh2 Kg3 71.Rh8 g4
72.Rg8 Kh3 73.Rh8+ Kg2 74.Rg8 Re4 75.Rg7 g3 76.Rg8 Kf3 77.Rf8+ Rf4  0-1

[Event "Budva zt"]
[Site "Budva"]
[Date "1981.??.??"]
[Round "2"]
[White "Toth, Bela"]
[Black "Skembris, Spyridon"]
[Result "1/2-1/2"]
[WhiteElo "2400"]
[BlackElo "2415"]

1.d4 d5 2.c4 dxc4 3.e4 Nf6 4.Nc3 e5 5.d5 b5 6.Qc2 Bb4 7.a4 c6 8.axb5 cxd5
9.exd5 Qxd5 10.Bd2 Bxc3 11.Bxc3 O-O 12.Bb4 Re8 13.Qxc4 Qb7 14.Nf3 Be6 15.Qc2 Bd7
16.Bc3 Bxb5 17.Bxb5 Qxb5 18.Ra5 Qc4 19.Ra4 Qb5 20.Ra5 Qb6 21.Qa4 Qc6 22.O-O Qxa4
23.Rxa4 Nc6 24.Ra6 Rac8 25.Rd1 Ne4 26.Kf1 f6 27.Be1 Rc7 28.Ra4 Nc5 29.Rc4 Na6
30.Rdc1 Rec8 31.Ra1 Nab8 32.Rac1 Rd7 33.Nd2 Rcd8 34.Rxc6 Nxc6 35.Rxc6 Rxd2
36.Bxd2 Rxd2 37.Rc8+ Kf7 38.Rc7+ Kg6 39.Rxa7 Rxb2 40.Re7 Rb5 41.h4 f5 42.g3 e4
43.Ke2 Kf6 44.Re8 Kf7 45.Ra8 Rb2+ 46.Kf1 Kg6 47.Ra7 Kh6 48.Re7 Ra2 49.Kg2 Re2
50.Kf1 Rd2 51.Kg2 Kg6 52.Kf1 Kf6 53.Ra7 h6 54.Ra6+ Ke5 55.Rg6 e3 56.fxe3 Ke4
57.Rxg7 Kf3 58.Ke1 Re2+ 59.Kd1 Rxe3 60.Rg6 Kf2 61.Rf6 Rf3 62.Rxh6 Rxg3 63.Rf6 Rd3+
64.Kc2 Rd5 65.h5 Ke3 66.h6 f4 67.h7 Rc5+ 68.Kd1 Rh5 69.Re6+ Kf2 70.Re7 f3
71.Rd7 Kf1 72.Kd2 f2 73.Rg7 Rh3 74.Kd1 Rh5 75.Kd2 Rh3 76.Kd1 Rh6 77.Kd2  1/2-1/2

[Event "BKL-Turnier"]
[Site "Leipzig"]
[Date "1981.??.??"]
[Round "2"]
[White "Heinig, Wolfram"]
[Black "Hennings, Artur"]
[Result "1-0"]
[WhiteElo "2365"]
[BlackElo "2445"]

1.d4 d5 2.c4 dxc4 3.e4 Nc6 4.Be3 Nf6 5.Nc3 e5 6.d5 Nb8 7.h3 Nbd7 8.Bxc4 Bb4
9.Qc2 O-O 10.Nf3 a6 11.O-O Re8 12.Rfd1 Nf8 13.Bf1 Ng6 14.Rac1 Bd6 15.Nd2 Nh5
16.Nc4 Nhf4 17.Nxd6 cxd6 18.Na4 Qg5 19.Kh1 Qh5 20.Bxf4 Nxf4 21.Nb6 Bg4 22.Nxa8 Bxd1
23.Qxd1 Qxd1 24.Rxd1 Rxa8 25.Rc1 Kf8 26.Rc7 Rb8 27.Rd7 Rc8 28.g3 Rc2 29.gxf4 Rxf2
30.Kg1 Rxb2 31.fxe5 dxe5 32.d6 Ke8 33.Re7+ Kd8 34.Bc4 b5 35.Bxf7 Rd2 36.Bd5 a5
37.Rxg7 b4 38.Ra7  1-0

[Event "Lvov"]
[Site "Lvov"]
[Date "1981.??.??"]
[Round "12"]
[White "Rashkovsky, Nukhim N"]
[Black "Lerner, Konstantin Z"]
[Result "1-0"]
[WhiteElo "2535"]
[BlackElo "2520"]

1.d4 d5 2.c4 dxc4 3.e4 Nf6 4.Nc3 e5 5.Nf3 exd4 6.Qxd4 Qxd4 7.Nxd4 Bb4 8.f3 a6
9.Bxc4 b5 10.Be2 c5 11.Nc2 Ba5 12.Bd2 Be6 13.e5 Nfd7 14.f4 Nc6 15.Bf3 Rc8
16.Ne4 Bxd2+ 17.Kxd2 O-O 18.Nd6 Rc7 19.Rhd1 g6 20.Ne3 Nd4 21.Bd5 f6 22.Bxe6+ Nxe6
23.Nd5 Ra7 24.Rf1 fxe5 25.fxe5 Raa8 26.Ne7+ Kg7 27.Nc6 Nd8 28.Rxf8 Nxf8 29.Nxd8 Rxd8
30.Ke3 Nd7 31.Ke4 Kf8 32.a4 b4 33.Rd1 Ke7 34.Nc4 Rf8 35.Rd6 Rf1 36.Rxa6 Re1+
37.Kf4 Rf1+ 38.Ke4 Re1+ 39.Kf4 Rf1+ 40.Ke3 Re1+ 41.Kd3 Nxe5+ 42.Nxe5 Rxe5
43.a5 Kd7 44.Rf6 Rh5 45.a6 Kc7 46.Kc4 Rh4+ 47.Kb5 b3 48.Rf8  1-0

[Event "Sokolsky mem"]
[Site "Minsk"]
[Date "1981.??.??"]
[Round "14"]
[White "Lutikov, Anatoly S"]
[Black "Begun, Sergei M"]
[Result "1/2-1/2"]
[WhiteElo "2430"]
[BlackElo "2385"]

1.d4 d5 2.c4 dxc4 3.e4 e5 4.Nf3 Bb4+ 5.Nbd2 exd4 6.Bxc4 Nc6 7.O-O Bxd2 8.Qxd2 Nge7
9.b4 a6 10.Bb2 O-O 11.Nxd4 Nxd4 12.Qxd4 Qxd4 13.Bxd4 Be6 14.Bxe6 fxe6 15.Bc5 Rf7
16.Rfd1 Nc6 17.a3 Rd8 18.Rxd8+ Nxd8 19.Rd1 Nc6 20.f3 g6 21.Kf2 Kg7 22.Ke2 Kf6
23.h4 e5 24.Rh1 Rd7  1/2-1/2

[Event "Santiago"]
[Site "Santiago"]
[Date "1981.??.??"]
[Round "10"]
[White "Alburt, Lev O"]
[Black "Garcia Palermo, Carlos"]
[Result "0-1"]
[WhiteElo "2580"]
[BlackElo "2460"]

1.d4 d5 2.c4 dxc4 3.e4 Nf6 4.e5 Nd5 5.Bxc4 Nb6 6.Bb3 Nc6 7.Nf3 Bf5 8.e6 Bxe6
9.Bxe6 fxe6 10.O-O g6 11.Qe2 Bg7 12.Nc3 Nxd4 13.Nxd4 Qxd4 14.Re1 Qc4 15.Qf3 O-O-O
16.Be3 Bxc3 17.bxc3 Qd5 18.Qf7 e5 19.Qxe7 Nc4 20.Qb4 b6 21.Bg5 Rd6 22.Qa4 Kb7
23.Rad1 Qc6 24.Qxc6+ Kxc6 25.Bh6 Rhd8 26.Rb1 Rd3 27.Rbc1 R8d5 28.f3 Ra5 29.Rc2 Ra3
30.Rec1 Rd5 31.Re1 Rd3 32.Rec1 b5 33.Kf2 Kd5 34.Ke2 e4 35.Bf4 Nd6 36.Bxd6 cxd6
37.c4+ bxc4 38.fxe4+ Ke5 39.Rxc4 Re3+ 40.Kf2 Rxe4 41.R4c2 h5 42.Rd2 Rf4+
43.Kg1 Ra6 44.g3 Rd4 45.Re1+ Re4 46.Red1 Rc6 47.Rd5+ Ke6 48.Rg5 Kf6 49.Rgd5 Ke7
50.Ra5 a6 51.Rd2 Re5 52.Rxe5+ dxe5 53.Rd5 Ke6 54.Ra5 Kf5 55.Ra4 Rc1+ 56.Kg2 Rc2+
57.Kg1 e4 58.h3 e3 59.Kf1 Rf2+ 60.Ke1 Rg2 61.g4+ hxg4 62.hxg4+ Rxg4 63.Rxa6 Rg2
64.Ra8 g5 65.a4 Ra2 66.Rf8+ Kg4 67.Ra8 Kf3 68.Rf8+ Kg3 69.Ra8 g4 70.Kf1 Rf2+
71.Ke1 Kg2 72.a5 Ra2 73.a6 g3 74.Ra7 e2 75.Ra8 Kg1 76.Ra7 g2 77.Ra8 Kh2 78.Rh8+ Kg3
79.Rg8+ Kf3 80.Rf8+ Ke3 81.Re8+ Kd4 82.Rd8+ Kc5 83.Rg8 Ra1+  0-1

[Event "Tuzla"]
[Site "Tuzla"]
[Date "1981.??.??"]
[Round "11"]
[White "Bukic, Enver"]
[Black "Kovacevic, Vlatko"]
[Result "1/2-1/2"]
[WhiteElo "2485"]
[BlackElo "2485"]

1.d4 d5 2.c4 dxc4 3.e4 c5 4.d5 e6 5.Bxc4 Nf6 6.Nc3 exd5 7.Nxd5 Nxd5 8.Bxd5 Be7
9.Nf3 O-O 10.O-O Qb6 11.Be3 Nc6 12.Rc1 Bg4 13.Bxc6 Bxf3 14.Qxf3 Qxc6 15.Rfd1  1/2-1/2

[Event "DDR-POL-CSR U26"]
[Site "Zinnowitz"]
[Date "1981.??.??"]
[Round "?"]
[White "Jagodzinski, Waldemar"]
[Black "Riha, Vaclav"]
[Result "0-1"]
[WhiteElo "2200"]
[BlackElo "2285"]

1.d4 d5 2.c4 dxc4 3.e4 e5 4.Nf3 exd4 5.Qxd4 Qxd4 6.Nxd4 Bc5 7.Nb5 Na6 8.Bf4 Be6
9.Nd2 Nf6 10.f3 O-O-O 11.Bxc4 Bxc4 12.Nxc4 Rhe8 13.Be3 Nxe4 14.fxe4 Rxe4
15.Rc1 Bxe3 16.Nbd6+ cxd6 17.Nxe3+ Kb8 18.Kd2 Rde8 19.Rhe1 R8e5 20.g4 Nb4
21.a3 Rd4+ 22.Kc3 Rd3+ 23.Kxb4 Rdxe3  0-1